[Event "77th GEO-ch Supreme League 2018"]
[Site "Tbilisi"]
[Date "2018.01.17"]
[Round "1.2"]
[White "Arutinian, David"]
[Black "Morchiashvili, Bachana"]
[Result "0-1"]
[WhiteElo "2545"]
[BlackElo "2384"]
[Annotator "TA"]
[PlyCount "172"]
[EventDate "2018.??.??"]
[EventType "k.o."]
[EventCountry "GEO"]
[SourceTitle "playchess.com"]
[Source "ChessBase"]
[SourceQuality "1"]

{[%evp 11,172,-33,-15,-35,16,10,12,4,5,13,8,7,41,40,33,25,25,36,47,11,33,28,49,35,36,42,67,63,56,66,58,25,26,26,25,26,27,27,22,14,23,15,12,8,5,5,20,14,39,39,39,39,39,39,30,27,39,39,53,76,75,82,339,341,329,312,321,260,238,0,316,316,303,313,302,299,357,356,312,303,288,286,12841,12841,12837,12841,12838,12838,12838,12839,12839,149,139,0,12839,12839,12837,192,210,181,190,219,189,161,170,0,0,0,0,0,0,0,0,0,0,-12767,0,-12783,0,0,0,0,0,0,0,-12789,0,0,0,0,0,0,0,0,0,-12844,-12844,-12847,-12844,-12850,-12851,-12851,-12851,-12851,-12851,-12851,-12851,-12851,-12851,-12851,-12851,-12851,-29977,-12851,-29974,-12851,-29981,-12851,-29982,-12851,-29982,-29986,-29987]} 1. d4 Nf6 2. c4 c5 3. Nf3 cxd4 4. Nxd4 e5 5. Nb3 d5 6. cxd5 Qxd5 7. Bd2 {A31: Symmetrical English: 2 Nf3 Nf6 3 d4} (7. Nc3 Qxd1+ 8. Kxd1 Nc6 9. Bg5 Be6 10. e3 O-O-O+ 11. Ke1 Bb4 12. Rc1 Kb8 13. Be2 h6 14. Bxf6 gxf6 {0-1 (38) Kuzubov,Y (2635)-Rakhmangulov,A (2318) Lutsk 2016}) 7... Ne4 (7... Qe6 $15) 8. Nc3 $11 Nxc3 9. Bxc3 {The position is equal.} Qxd1+ 10. Rxd1 Nc6 11. e3 $146 ({Predecessor:} 11. e4 Bb4 12. Bxb4 Nxb4 13. a3 Nc2+ 14. Kd2 Be6 15. Kxc2 {1-0 (55) Mena Crespo,C (2322)-Castellanos Sanchez,C (2281) Santa Clara 2010}) 11... Bb4 12. Bxb4 Nxb4 13. a3 $36 {[%mdl 2048] White has the initiative.} Nc6 14. Bb5 Ke7 15. Rc1 Bd7 16. Nc5 Rhc8 17. Nxd7 (17. Nxb7 $2 Nd8 $19) 17... Kxd7 18. Ke2 a6 19. Rhd1+ Ke7 20. Bd3 Rc7 21. Be4 (21. Bxh7 g6 $17) 21... Rac8 {With the idea ...Nd4+.} 22. Rc5 b6 23. Rcd5 Rd8 24. g4 h6 25. h4 f6 26. f4 Rxd5 27. Bxd5 exf4 28. exf4 {[%mdl 4096] Endgame KRB-KRN} a5 29. Kd3 g5 30. Ke4 Nd8 31. fxg5 fxg5 32. hxg5 hxg5 33. Kf5 Rc5 34. Kg6 Rb5 35. Be4 (35. Kxg5 $2 Kd6 $19) 35... Rxb2 36. Bf5 $1 Nc6 $2 {[%mdl 8192]} (36... Rb5 $16 {was necessary.}) 37. Rd7+ $1 $18 (37. Kxg5 Ne5 $14) 37... Ke8 38. Kf6 (38. Kxg5 Ne7 $14) 38... Re2 39. Rb7 (39. Kxg5 Ne7 $14) 39... Kd8 40. Rd7+ ({Resist} 40. Rxb6 $6 Kc7) 40... Ke8 41. Rd6 ({Not} 41. Kxg5 Ne7 $14) 41... Ne7 42. Be6 {Threatening mate with Bf7+.} ({Weaker is} 42. Kxg5 Nxf5 43. gxf5 Rb2 $14) 42... Rf2+ 43. Kxg5 Kf8 44. Rxb6 Re2 45. Bc4 Re4 46. Rf6+ Kg7 $2 (46... Ke8) 47. Rf7+ Kh8 48. Rf4 Re3 49. a4 Kg7 50. Rf7+ Kh8 51. Rf2 $2 (51. Rf6 $18 {and the rest is easy.} Re4 52. Bb5) 51... Kg7 $16 52. Rf7+ $2 {[%mdl 8192]} (52. Re2 $16 Rxe2 53. Bxe2) 52... Kh8 $18 53. Rf6 Kg7 54. Ra6 $2 (54. Re6 Rxe6 55. Bxe6) 54... Re5+ 55. Kf4 Rc5 56. Bb5 Nd5+ 57. Kg3 Nc7 {[#]} 58. Kh4 $2 (58. Ra7 $1 $18) 58... Nxa6 $11 59. Bxa6 {KR-KB} Kh6 60. Bb5 Re5 61. Bd3 Kg7 {Threatens to win with ...Kf6.} 62. Bb5 Kf6 {Hoping for ...Re1.} 63. Bd3 $2 {[%mdl 8192]} (63. Kg3 $11 Kg5 64. Kf3) 63... Rg5 $2 (63... Re3 $19 64. Bb5 Re4) 64. Bc4 $2 {[%mdl 8192] [#]} (64. Bb5 $11 Rg8 65. Kg3) 64... Rg7 $2 (64... Rc5 $1 $19 {[%cal Rc5c4]} 65. Bd3 Rc8) 65. Kg3 Rd7 {White must now prevent ...Kg5.} 66. Bb5 Rd4 {And now ...Kg5 would win.} 67. Kh4 Rd1 {...Rh1+ is the strong threat.} 68. Bc6 $2 {[%mdl 8192]} (68. g5+ $11 Kf5 69. Kg3) 68... Rd8 $2 ({Black should try} 68... Rg1 $19 69. Bb5 Rh1+ 70. Kg3 Rb1) 69. Bb5 Rh8+ 70. Kg3 Ke5 {Strongly threatening ...Rd8.} 71. Bd7 Rh7 72. Bb5 Rc7 {aiming for ...Rc3+.} 73. Kh4 $2 {[%mdl 8192]} (73. g5 $11 Kf5 74. g6) 73... Kf4 $19 {[%cal Rc7h7]} 74. Kh5 Rc5+ 75. Kg6 Kxg4 76. Kf6 Kf4 77. Ke6 Ke4 78. Kd6 Kd4 79. Ba6 Rg5 {( -> ...Rg6+)} 80. Kc6 Kc3 81. Kb6 Kb4 82. Bb5 Rg6+ (82... Rc5 $19 83. Bd7 Rc1) 83. Ka7 Rg1 84. Kb6 Ra1 85. Kc6 Rxa4 86. Bxa4 Kxa4 {Precision: White = 61%, Black = 54%.} 0-1

[Event "77th GEO-ch Supreme League 2018"]
[Site "Tbilisi"]
[Date "2018.01.17"]
[Round "1.2"]
[White "Maghalashvili, Davit"]
[Black "Beradze, Irakli"]
[Result "1/2-1/2"]
[WhiteElo "2506"]
[BlackElo "2465"]
[Annotator "TA"]
[PlyCount "32"]
[EventDate "2018.??.??"]
[EventType "k.o."]
[EventCountry "GEO"]
[SourceTitle "playchess.com"]
[Source "ChessBase"]
[SourceQuality "1"]

{[%evp 19,21,17,32,-22]} 1. c4 c5 2. Nc3 Nc6 3. g3 g6 4. Bg2 Bg7 5. Nf3 d6 6. O-O e6 7. e3 Nge7 8. d4 O-O 9. d5 {A37: Symmetrical English vs ...g6: 4 Bg2 Bg7 5 Nf3} Na5 10. Nd2 exd5 {LiveBook: 13 Games} 11. Nxd5 (11. cxd5 $14 Bd7 12. e4) {Predecessor:} 11... Nxd5 $146 12. Bxd5 Be6 13. Rb1 Bf5 14. e4 Bh3 15. Re1 Nc6 16. Bxc6 bxc6 {0-1 (80) Martirosyan,H (2425)-Dubov,D (2634) Moscow 2016} 1/2-1/2

[Event "77th GEO-ch Supreme League 2018"]
[Site "Tbilisi"]
[Date "2018.01.17"]
[Round "1.2"]
[White "Quparadze, Giga"]
[Black "Benidze, Davit"]
[Result "1-0"]
[WhiteElo "2499"]
[BlackElo "2501"]
[Annotator "TA"]
[PlyCount "69"]
[EventDate "2018.??.??"]
[EventType "k.o."]
[EventCountry "GEO"]
[SourceTitle "playchess.com"]
[Source "ChessBase"]
[SourceQuality "1"]

{[%evp 9,69,36,33,28,23,26,16,20,64,48,47,42,44,47,39,18,27,0,41,48,27,29,68,36,33,27,46,64,129,129,126,130,133,137,143,138,139,133,147,137,115,122,130,133,151,150,167,76,118,100,110,58,260,251,322,170,201,75,977,938,1054,1037]} 1. e4 g6 2. d4 Bg7 3. Nf3 d6 4. h3 a6 5. a4 Nf6 {[%cal Bg8f6,Bf6d7,Bd7e5,Be5c4][%mdl 32]} 6. Nc3 {B06: Modern Defence} O-O 7. Be2 Nc6 8. O-O {The position is equal.} Nd7 (8... e5 9. dxe5 dxe5 10. Bc4 h6 11. Be3 Qe7 12. Qe2 Be6 13. Rfd1 Rad8 14. Bb3 Rfe8 15. Rxd8 Rxd8 16. Bxe6 Qxe6 {0-1 (68) Wang,H (2709)-Yu,Y (2751) Huaian 2017}) 9. Be3 e5 10. Qd2 exd4 11. Nxd4 Re8 $146 ({Predecessor:} 11... Nxd4 12. Bxd4 Nf6 13. Rad1 Be6 14. f4 Qd7 15. f5 gxf5 16. exf5 Bxf5 17. Qf4 Bxc2 18. Bxf6 Bxd1 {1-0 (18) Fiori,A (2159)-Gerez,A Mar del Plata 2012}) 12. Bc4 Nde5 13. Be2 Na5 14. Bg5 Nec4 15. Qc1 Bf6 16. Bxf6 Qxf6 17. Rd1 {b4 is the strong threat.} Nb6 18. Qd2 Nc6 (18... Be6 $14) 19. a5 $1 $36 {[%mdl 2048] Black is under strong pressure.} Nd7 20. Nd5 Qd8 21. Qc3 $1 Rxe4 22. Nxc6 bxc6 23. Qxc6 Ra7 24. Bg4 f5 {Hoping for ...Ne5.} 25. Bf3 Ne5 26. Qc3 Nxf3+ 27. gxf3 Re6 {[#]} 28. Re1 (28. Qc4 $1 $18) 28... Qg5+ 29. Kh2 Qh4 {[#]} 30. Qd2 ({Better is} 30. Kg2 $1 $16) 30... f4 $2 ({Black should try} 30... c5 $14) 31. Nxf4 $18 Rf6 32. Re4 ({Less strong is} 32. Re8+ Kf7 $16) (32. Ra4 $142 {aiming for Re8+.} Bd7 33. Rb4) 32... Bd7 33. Qd5+ (33. Ne6 $18 Qh5 34. Qd4 Rxe6 35. Rxe6 (35. Qxa7 Rxe4 36. fxe4 Qxh3+ 37. Kg1 Qg4+ 38. Kh2 Qh4+ 39. Kg1 Qg4+ 40. Kh2 Qh4+ 41. Kg1 Qg4+ $11) 35... Bxe6 36. Qxa7 Qxh3+ 37. Kg1) 33... Kg7 $2 {[%mdl 8192]} (33... Rf7 $16) 34. Qd4 c5 {[#]} 35. Nh5+ $1 {[%mdl 512] Precision: White = 46%, Black = 35%.} 1-0

[Event "77th GEO-ch Supreme League 2018"]
[Site "Tbilisi"]
[Date "2018.01.17"]
[Round "1.2"]
[White "Sibashvili, Giorgi"]
[Black "Sanikidze, Tornike"]
[Result "1/2-1/2"]
[WhiteElo "2392"]
[BlackElo "2525"]
[Annotator "TA"]
[PlyCount "98"]
[EventDate "2018.??.??"]
[EventType "k.o."]
[EventCountry "GEO"]
[SourceTitle "playchess.com"]
[Source "ChessBase"]
[SourceQuality "1"]

{[%evp 20,98,25,31,31,37,35,30,46,16,24,22,18,16,38,7,11,17,43,43,38,34,44,43,45,47,44,33,36,33,50,46,46,45,35,47,47,52,68,29,29,10,10,10,26,0,0,0,0,0,0,0,0,0,0,7,11,0,13,0,0,0,0,0,0,0,0,0,0,0,0,0,0,0,0,0,0,0,0,0,0]} 1. d4 d5 2. c4 e6 3. Nc3 Nf6 4. Nf3 Bb4 5. Qb3 c5 6. dxc5 Nc6 {D38: Queen's Gambit Declined: Ragozin Defence (4 Nf3 Bb4)} (6... Qa5 7. Bd2 dxc4 8. Qxc4 Qxc5 9. Qxc5 Bxc5 10. Rc1 O-O 11. e3 Nc6 12. Be2 Bd7 13. O-O Rfd8 14. Rfd1 {½-½ (41) Wang,H (2709)-Mamedyarov,S (2799) Huaian 2017}) 7. Bg5 Qa5 8. Bxf6 dxc4 9. Qxc4 gxf6 10. Rc1 Bxc5 11. e3 {LiveBook: 7 Games} Be7 12. Be2 Bd7 13. O-O Qb4 $146 ({Predecessor:} 13... O-O 14. Qf4 {½-½ (75) Vocaturo,D (2582)-Debashis,D (2494) Caleta 2014}) 14. Qd3 Rd8 15. Qc2 O-O 16. Rfd1 Bc8 17. Bd3 (17. a3 {is interesting.} Qa5 18. Bb5 Rxd1+ 19. Rxd1 Rd8 20. Rxd8+ Bxd8 21. Bxc6 bxc6 22. Na4) 17... f5 18. e4 {[%cal Re4f5]} fxe4 19. Bxe4 f5 20. Bxc6 bxc6 21. Ne5 Qc5 22. Qe2 {[#] And now Nd5 would win.} Bg5 23. Rxd8 Bxd8 24. Rd1 Bf6 25. Nd7 Bxd7 $1 26. Rxd7 Qe5 27. Qd2 Rf7 {[#] White must now prevent ...Rxd7.} 28. Rd3 Rb7 {Threatening ...Rxb2!} 29. b3 Rb4 30. g3 Rd4 {...Rxd3 is the strong threat.} 31. Ne2 Rd5 32. Nf4 (32. Qd1 {with more complications.} Rxd3 33. Qxd3 Qd5 34. Nf4 Qxd3 35. Nxd3 Bc3 36. f4) 32... Bg5 {The position is equal.} 33. Qc3 Qxc3 34. Rxc3 Bxf4 35. gxf4 $11 {[%mdl 4096] Endgame KR-KR} c5 36. Rc4 Kf7 37. Kf1 h5 38. Ke2 h4 39. Ra4 Rd7 40. Ra5 Rc7 $1 41. Kd3 Rd7+ 42. Kc3 Rd4 43. Rxa7+ Kg6 44. Ra4 Rd1 $1 45. Ra8 {Strongly threatening a4.} Rh1 46. a4 {aiming for a5.} Rxh2 47. Rh8 Kg7 48. Rh5 Kg6 49. Rh8 Kg7 {Precision: White = 75%, Black = 95%.} 1/2-1/2

[Event "77th GEO-ch Supreme League 2018"]
[Site "Tbilisi"]
[Date "2018.01.17"]
[Round "1.2"]
[White "Petriashvili, Nikoloz"]
[Black "Jojua, Davit"]
[Result "0-1"]
[WhiteElo "2371"]
[BlackElo "2586"]
[Annotator "TA"]
[PlyCount "72"]
[EventDate "2018.??.??"]
[EventType "k.o."]
[EventCountry "GEO"]
[SourceTitle "playchess.com"]
[Source "ChessBase"]
[SourceQuality "1"]

{[%evp 26,72,-21,-21,-22,-22,-22,-22,-21,-27,-18,-25,-9,-24,-7,-12,-3,-17,-8,-23,8,0,0,0,0,0,0,0,0,0,0,0,0,0,0,0,0,0,13,0,0,-22,0,-737,-752,-749,-742,-563,-412]} 1. c4 g6 2. Nc3 Bg7 3. g3 c5 4. Bg2 Nc6 5. e4 e6 6. Nge2 d6 7. a3 Nge7 8. Rb1 b6 9. d3 Bb7 10. O-O O-O 11. Be3 Nd4 12. b4 Qd7 13. Qd2 f5 {A36: Symmetrical English vs ...g6: 4 Bg2 Bg7} (13... Nxe2+ 14. Nxe2 Rad8 15. Bh6 e5 16. b5 f5 17. Bxg7 Kxg7 18. f4 Ng8 19. a4 Rde8 20. Nc3 Nf6 21. Rbe1 exf4 22. Rxf4 fxe4 23. dxe4 {1-0 (47) Eljanov,P (2711)-Ibrahimov,R (2518) Riadh 2017}) 14. f4 {LiveBook: 6 Games} Rad8 15. Kh1 $146 ({Predecessor:} 15. Bf2 Kh8 16. Nxd4 cxd4 17. Nb5 Nc6 18. c5 fxe4 19. Bxe4 dxc5 20. bxc5 {1-0 (45) Rogule,L (2329)-Hairapetian,A (2214) Belgrade 2013}) 15... Ba8 {The position is equal.} 16. Bg1 Kh8 17. Rfe1 Nec6 18. Red1 Qf7 19. Nxd4 cxd4 20. Na2 e5 21. exf5 gxf5 22. b5 Ne7 {[%cal Bc6e7,Be7g6,Bg6h4][%mdl 32]} 23. Nb4 Bxg2+ 24. Qxg2 exf4 25. gxf4 d5 26. Rbc1 dxc4 27. Rxc4 Ng6 28. Qf3 Nh4 29. Qh3 Ng6 30. Rf1 Rd7 31. a4 Rd6 32. Qf3 Nh4 $36 {[%mdl 2048] Black has some pressure.} 33. Qg3 Bf6 {[%cal Bg7f6,Bf6d4,Bd4c5][%mdl 32] [#] Hoping for ...a5.} 34. Bxd4 $2 {[%mdl 8192]} (34. Bf2 $11) 34... Rxd4 $19 {Black is clearly winning.} 35. Rxd4 Bxd4 36. Qxh4 Bc5 {Precision: White = 49%, Black = 59%.} 0-1

[Event "77th GEO-ch Supreme League 2018"]
[Site "Tbilisi"]
[Date "2018.01.17"]
[Round "1.2"]
[White "Akhvlediani, Irakli"]
[Black "Mchedlishvili, Mikheil"]
[Result "1/2-1/2"]
[WhiteElo "2334"]
[BlackElo "2602"]
[Annotator "TA"]
[PlyCount "89"]
[EventDate "2018.??.??"]
[EventType "k.o."]
[EventCountry "GEO"]
[SourceTitle "playchess.com"]
[Source "ChessBase"]
[SourceQuality "1"]

{[%evp 18,89,22,16,0,0,8,7,32,0,0,0,35,30,33,28,31,23,17,-14,35,29,48,50,56,56,63,51,55,16,29,0,21,-8,0,0,0,13,2,0,31,27,26,34,25,21,19,0,0,0,0,0,0,4,4,7,0,0,14,0,145,107,109,0,0,-43,-43,-43,-43,-43,-43,-43,-43,-43]} 1. d4 Nf6 2. c4 g6 3. g3 Bg7 4. Bg2 c5 5. d5 O-O 6. Nc3 e6 7. Nf3 exd5 8. cxd5 d6 9. O-O Re8 10. Bf4 Bf5 {A62: Modern Benoni: Fianchetto Variation without early ...Nbd7} 11. Nh4 (11. Bg5 h6 12. Bxf6 Bxf6 13. Nd2 Bc8 14. Nc4 Bxc3 15. bxc3 b5 16. Nd2 Nd7 17. Re1 a5 18. Qc2 {½-½ (29) Tomashevsky,E (2702)-Svidler,P (2763) Palma de Mallorca 2017}) 11... Bg4 12. Qd2 b5 $146 {The position is equal.} ({Predecessor:} 12... Nh5 13. Bg5 Bf6 14. Bxf6 Qxf6 15. h3 Bd7 16. b4 g5 17. Ne4 Rxe4 18. Bxe4 gxh4 {0-1 (42) Ozturk,K (2364)-Gaponenko,I (2433) Heraklio 2017}) 13. Nxb5 Rxe2 14. Qc1 Ne8 15. Nc3 Re7 $1 16. Bg5 $36 {[%mdl 2048] White has good play.} f6 17. Bd2 Na6 18. Re1 Nb4 19. Bf1 {[#] Threatens to win with Rxe7.} Nc7 20. a3 Rxe1 $1 ({But not} 20... Nbxd5 $2 21. Nxd5 Rxe1 22. Qxe1 $18) 21. Bxe1 Nba6 22. b4 Bc8 23. b5 Nb8 24. Ng2 Nd7 25. Ne3 f5 26. Nc4 Ne5 27. Nxe5 Bxe5 28. Bd2 a6 29. a4 axb5 30. axb5 Bb7 31. Bc4 Ne8 32. Qb1 Nf6 33. Rxa8 Qxa8 34. b6 Qa3 35. Nb5 Qf3 36. Qb3 Qxb3 37. Bxb3 Kf8 38. Nc7 Ne8 (38... Ke7 $11 {keeps the balance.}) 39. Bh6+ Ke7 {[#]} 40. Bg5+ ({White must play} 40. Ba4 $1 $16 {[%cal Ra4e8]} Nxc7 41. bxc7) 40... Bf6 $11 41. Ba4 Bxg5 {Black is slightly better.} 42. Bxe8 c4 $1 {[%cal Bc5c4,Bc4c3][%mdl 32]} 43. Kf1 {Strongly threatening f4.} ({Of course not} 43. Bc6 c3 $17) 43... c3 {And now ...c2 would win.} 44. Ba4 Bf6 {Hoping for ...Bd4.} 45. Ke2 {Precision: White = 52%, Black = 65%.} 1/2-1/2

[Event "77th GEO-ch Supreme League 2018"]
[Site "Tbilisi"]
[Date "2018.01.18"]
[Round "1.3"]
[White "Sanikidze, Tornike"]
[Black "Sibashvili, Giorgi"]
[Result "1-0"]
[WhiteElo "2525"]
[BlackElo "2392"]
[Annotator "TA"]
[PlyCount "53"]
[EventDate "2018.??.??"]
[EventType "k.o."]
[EventCountry "GEO"]
[SourceTitle "playchess.com"]
[Source "ChessBase"]
[SourceQuality "1"]

{[%evp 16,53,95,87,94,87,87,102,79,91,152,162,152,145,152,156,179,161,176,167,175,195,187,178,221,233,216,225,212,193,364,378,356,376,369,368,323,332,343,275]} 1. d4 Nf6 2. c4 c5 3. d5 b5 4. Nf3 e6 5. e4 Nxe4 6. Bd3 {E10: Blumenfeld Gambit} Nf6 7. O-O Be7 (7... Bb7 8. Nc3 Be7 9. Nxb5 exd5 10. cxd5 d6 11. Nh4 O-O 12. Nf5 a6 13. Nc3 {½-½ (44) Vitiugov,N (2724)-Kvon,A (2500) Helsingor 2017}) 8. Nc3 b4 9. Ne4 {LiveBook: 4 Games} Nxe4 10. Bxe4 f5 {[#]} 11. Ne5 $1 O-O 12. Bf3 {And now dxe6 would win.} d6 ({Black should play} 12... a5) 13. dxe6 $16 dxe5 14. Bxa8 Bxe6 {[#]} 15. b3 $146 Bf6 {[#]} 16. Bb2 $1 Qb6 17. Bd5 Rd8 18. Qc2 g6 19. a3 a5 20. axb4 axb4 21. Rfd1 Bxd5 22. cxd5 Nd7 $2 (22... Rd6 {was worth a try.} 23. Ra8 Kg7) 23. Qc4 $18 Qd6 24. Ra6 Qf8 25. Qb5 e4 26. Bxf6 Nxf6 27. Qc6 {Precision: White = 98%, Black = 38%.} 1-0

[Event "77th GEO-ch Supreme League 2018"]
[Site "Tbilisi"]
[Date "2018.01.18"]
[Round "1.3"]
[White "Maghalashvili, Davit"]
[Black "Beradze, Irakli"]
[Result "1-0"]
[WhiteElo "2506"]
[BlackElo "2465"]
[Annotator "TA"]
[PlyCount "75"]
[EventDate "2018.??.??"]
[EventType "k.o."]
[EventCountry "GEO"]
[SourceTitle "playchess.com"]
[Source "ChessBase"]
[SourceQuality "1"]

{[%evp 23,75,39,41,30,51,40,53,25,16,21,21,26,41,27,38,25,52,-68,74,68,82,16,53,12,12,14,10,10,31,37,28,22,19,0,3,8,0,0,5,0,0,0,0,0,487,470,534,447,526,516,6571,6520,29997,29998]} 1. d4 Nf6 2. Nf3 d5 3. c4 c6 4. e3 Bf5 5. Nc3 e6 6. Nh4 Be4 7. f3 Bg6 8. Qb3 Qb6 9. Nxg6 hxg6 10. Bd2 {D12: Slav Defence: 3 Nf3 Nf6 4 e3 Bf5} (10. c5 Qc7 11. g3 b6 12. cxb6 axb6 13. e4 dxe4 14. fxe4 Nh5 15. Bg2 Nxg3 16. hxg3 Qxg3+ 17. Kf1 Qd3+ {½-½ (47) Swiercz,D (2637)-Nabaty,T (2650) Martuni 2017}) 10... Nbd7 11. Qxb6 axb6 12. Kf2 Be7 {LiveBook: 3 Games} 13. Be2 $146 ({Predecessor:} 13. a4 O-O 14. cxd5 exd5 15. Bd3 Rfd8 16. g4 Ne8 17. h4 Nf8 {1-0 (52) Saduakassova,D (2428)-Nechaeva,M (2406) Teheran 2017}) 13... O-O-O 14. h3 Ne8 {[%cal Bf6e8,Be8d6,Bd6f5][%mdl 32]} 15. Rhc1 dxc4 16. Bxc4 Nd6 17. Bb3 Kb8 18. Ke2 Nf5 19. Ne4 Nf6 20. a4 (20. Be1 $14) 20... Nxe4 (20... Rxd4 $1 $15 21. Bc3 Rd7) 21. fxe4 $16 Nd6 $1 {[#]} 22. Kf3 (22. Bc2 $1 $16) 22... f5 23. exf5 exf5 24. a5 Ne4 25. Be1 bxa5 26. Rxa5 Bh4 {With the idea ...Bxe1.} 27. Bb4 Rhe8 {Strongly threatening ...Rxd4!} 28. Rca1 Kc7 $132 {[%mdl 2048] White should prevent ...Rxd4! Black is not keeping still} 29. Ra7 {[#] Threatens to win with Ba5+.} Rxd4 $1 {[%mdl 512]} 30. Ba5+ (30. exd4 $2 {gets mated.} Ng5+ 31. Kf4 Re4#) 30... Kd6 {And now ...Rd2! would win.} 31. g3 {[%cal Bg2g3,Bg3h4][%mdl 32]} (31. exd4 $2 {is a self mate.} Ng5+ 32. Kf4 Re4#) 31... Rd3 32. Bc4 Ng5+ 33. Kg2 Rdxe3 $2 {[%mdl 8192]} (33... Rexe3 $11 {and Black is okay.} 34. gxh4 Rg3+ 35. Kf1 Rgf3+ 36. Ke2 Rfe3+ 37. Kf1 Rf3+ 38. Kg2 Rg3+ 39. Kf1 Rgf3+) 34. gxh4 $18 Nf3 35. Bb4+ c5 36. Rd1+ Kc6 (36... Ke5 $142 37. Bxc5 Nxh4+ 38. Kh2 Re4) 37. Bd5+ Kb6 38. Rxb7+ {Precision: White = 33%, Black = 44%.} 1-0

[Event "77th GEO-ch Supreme League 2018"]
[Site "Tbilisi"]
[Date "2018.01.18"]
[Round "1.4"]
[White "Beradze, Irakli"]
[Black "Maghalashvili, Davit"]
[Result "0-1"]
[WhiteElo "2465"]
[BlackElo "2506"]
[Annotator "TA"]
[PlyCount "94"]
[EventDate "2018.??.??"]
[EventType "k.o."]
[EventCountry "GEO"]
[SourceTitle "playchess.com"]
[Source "ChessBase"]
[SourceQuality "1"]

{[%evp 19,94,-15,-7,-14,-10,-33,-22,-25,0,-43,-44,-129,-124,-151,-145,-160,-150,-150,-143,-156,-132,-216,-201,-234,-223,-219,-209,-233,-223,-235,-245,-254,-235,-354,-356,-389,-363,-503,-504,-561,-572,-557,-550,-532,-531,-554,-553,-550,-541,-545,-538,-532,-545,-516,-418,-706,-694,-712,-710,-5065,-1887,-1414,-754,-2558,-2539,-4896,-4874,-4810,-4798,-4133,0,-720,0,-4133,-4133,-1243,-1243]} 1. e4 e6 2. d4 d5 3. Nd2 dxe4 4. Nxe4 Nd7 5. Nf3 Ngf6 6. Ng3 c5 7. c3 Be7 8. Bd3 O-O 9. O-O b6 10. Qe2 {C10: French with 3 Nc3: Unusual Black 3rd moves and 3...dxe4} (10. Re1 Bb7 11. Qe2 cxd4 12. cxd4 Nd5 13. a3 Rc8 14. Bd2 h6 15. Rad1 Bd6 16. Qe4 N7f6 17. Qh4 Re8 {1-0 (55) Vaishali,R (2322)-Varshini,V (2223) Delhi 2016}) 10... Bb7 {LiveBook: 3 Games} 11. Bf4 cxd4 12. cxd4 {The position is equal.} Nd5 13. Bd2 ({Don't play} 13. Qe4 N7f6 $17) 13... N7f6 $146 ({Predecessor:} 13... Rc8 14. a3 Bd6 15. Ne5 N7f6 16. Rfe1 {1-0 (43) Pinero,I (1920)-Figueroa,A (1902) Punta del Este 2014}) 14. Rad1 Nb4 15. Bb1 (15. Bc4 $15) 15... Ba6 $36 {[%mdl 2048] Black is really pushing.} 16. Qe3 Bxf1 17. Rxf1 Nbd5 18. Qd3 Rc8 19. Ne5 g6 20. h4 (20. a3 $17) 20... Nd7 $19 21. h5 {[%cal Rh5g6]} Nxe5 22. dxe5 Qc7 23. Qe2 Rfd8 24. hxg6 hxg6 25. a3 Qc4 26. Qf3 (26. Qxc4 $142 Rxc4 27. Ne4) 26... Qd4 27. Ne4 Qxe5 28. Re1 Qxb2 29. Qg3 Nf6 30. Nxf6+ Bxf6 31. Be3 Qc3 32. Rf1 Bd4 33. Bxg6 fxg6 34. Qxg6+ Bg7 35. Qxe6+ Kf8 36. Bg5 {[#] Intending Be7+ and mate.} Qe5 37. Qg6 (37. Qxe5 $142 Bxe5 38. Bxd8 Rxd8 39. Re1) 37... Rd6 38. Qh5 Kg8 39. f4 Qf5 40. Qf3 Bf6 41. Qb3+ Kg7 42. Bxf6+ Qxf6 43. Qg3+ Kf7 44. Qb3+ Kg7 {[#] Strongly threatening ...Qd4+.} 45. Qg3+ Kf7 46. Qb3+ $1 Qe6 47. Qf3 Qd5 {Precision: White = 14%, Black = 89%.} 0-1

[Event "77th GEO-ch Supreme League 2018"]
[Site "Tbilisi"]
[Date "2018.01.18"]
[Round "1.4"]
[White "Sibashvili, Giorgi"]
[Black "Sanikidze, Tornike"]
[Result "1/2-1/2"]
[WhiteElo "2392"]
[BlackElo "2525"]
[Annotator "TA"]
[PlyCount "58"]
[EventDate "2018.??.??"]
[EventType "k.o."]
[EventCountry "GEO"]
[SourceTitle "playchess.com"]
[Source "ChessBase"]
[SourceQuality "1"]

{[%evp 18,58,0,0,2,6,8,14,33,42,34,42,26,6,5,6,0,0,0,0,0,0,0,0,0,0,0,0,0,0,0,-22,-25,-22,-22,-24,-2,-2,0,0,0,0,0]} 1. d4 Nf6 2. c4 e6 3. Nc3 Bb4 4. e3 c5 5. Bd3 Nc6 6. Nge2 {[%cal Bg1e2,Be2f4,Bf4d5][%mdl 32]} cxd4 7. exd4 d5 8. cxd5 Nxd5 9. O-O O-O 10. Nxd5 exd5 {E48: Nimzo-Indian: Rubinstein: 5 Bd3 d5 including 6 Ne2, but excluding 6 a3} 11. Nf4 Bd6 12. Re1 ({Much worse is} 12. Qh5 g6 $15) 12... Qf6 13. Nxd5 Qxd4 14. Be3 Qg4 15. Be2 {[#]} (15. h3 Qxd1 16. Raxd1 Be6 17. Be4 Rad8 18. a3 Bb8 19. f4 Rfe8 20. Kf2 Bxh3 21. Bxh7+ Kxh7 22. Rh1 f5 23. Rxh3+ Kg6 24. Rhh1 Kf7 25. Kf3 {½-½ (25) Le,Q (2712)-Wei,Y (2725) Ho Chi Minh City 2017}) 15... Qf5 $146 ({Predecessor:} 15... Qh4 16. g3 Qd8 17. Bf1 Bf5 18. Bg2 {½-½ (42) Tregubov,P (2584)-Sumets,A (2566) Chartres 2017}) 16. Bf3 Be6 17. Nf6+ Qxf6 18. Qxd6 Rfd8 19. Qf4 Qxb2 20. Rab1 Qxa2 21. Rxb7 Bd5 22. Rc1 Bxf3 23. gxf3 Rdc8 24. Qe4 Qe6 $1 25. Qxe6 fxe6 26. Rd1 Rd8 27. Rxd8+ {The position is equal.} Nxd8 28. Rxa7 Rxa7 29. Bxa7 Kf7 {Precision: White = 78%, Black = 64%.} 1/2-1/2